000
00294nam a22001337a 4500
003
SGT
020
_a
9780963724252
082
_b
STE
100
_a
STEWART, CHARLES
245
_a
WEAPONS OF MASS CASSUALTIES AND TERRORISM
260
_b
JOHN & BARTLETT
_c
2006
300
_a
286
942
_2
ddc
_c
BK
999
_c
15809
_d
15809